000 00845nam a2200325Ia 4500
001 6364
005 20240113233915.0
007 ta
008 050627s1991 a g b000 u eng u
020 _a81-85198-77-2
040 _aCotton College,Assam
041 _aeng
082 _a515.35
_bRa 19 Pa
100 _aRauch, Jeffrey .
245 0 _aPartial Differential Equations /
_cJeffrey Rauch.
_hTextual Documents
250 _a1st ed. /
260 _aNew Delhi :
_bNarosa Publishing House ,
_c1991.
300 _ax, 262p. :
_bill. ;
_c22cm .
504 _aIndex
653 _aMathematics
653 _aDifferential Equations
653 _aMathematics
653 _aPG-Physics
653 _aT/G-Mathematics
653 _aPG-Math
942 _2ddc
_cBK
999 _c6351
_d6351